书目信息 |
| 题名: |
教学设计
|
|
| 作者: | 皮连生 | |
| 分册: | ||
| 出版信息: | 北京 高等教育出版社 2000 |
|
| 页数: | 229 | |
| 开本: | 20cm | |
| 丛书名: | ||
| 单 册: | ||
| 中图分类: | C4 | |
| 科图分类: | ||
| 主题词: | 社会科学--普及教育 , 社会科学--教育 | |
| 电子资源: | ||
| ISBN: | 7-04-008553-4 | |
| 000 | 00598nam0 2200205 450 | |
| 001 | 0757995392 | |
| 005 | 20071007160635.39 | |
| 010 | @a7-04-008553-4 | |
| 100 | @a20071007d km y0chiy0120 ea | |
| 101 | 0 | @achi |
| 200 | 1 | @a教学设计@Ajiao xue she ji@e心理学的理论与技术@f皮连生@Fpi lian sheng |
| 210 | @a北京@c高等教育出版社@d2000 | |
| 215 | @a229@d20cm | |
| 517 | 1 | @a心理学的理论与技术@Axin li xue de li lun yu ji shu |
| 606 | 0 | @a社会科学@x普及教育 |
| 606 | 0 | @a社会科学@x教育 |
| 690 | @aC4@v3 | |
| 701 | 0 | @a皮连生@Api lian sheng |
| 801 | 0 | @aCN@bPFT@c20071007 |
| 905 | @a213230@dC4@ea14@f1 | |
| 教学设计:心理学的理论与技术/皮连生.-北京:高等教育出版社,2000 |
| 229;20cm |
| ISBN 7-04-008553-4: |
| ● |
| 相关链接 |
|
|
|
|
正题名:教学设计
索取号:C4/a14
 
预约/预借
| 序号 | 登录号 | 条形码 | 馆藏地/架位号 | 状态 | 备注 |
| 1 | 7508369 | 275083696 | 史法系资料室/ [索取号:C4/a14] | 在馆 |